[Event "Millionaire Chess Open 2014"]
[Site "Las Vegas USA"]
[Date "2014.10.13"]
[Round "9.11"]
[White "Ivanov, Alexander"]
[Black "Kacheishvili, Giorgi"]
[Result "1/2-1/2"]
[WhiteTitle "GM"]
[BlackTitle "GM"]
[WhiteElo "2508"]
[BlackElo "2597"]
[WhiteFideId "2000202"]
[BlackFideId "13600613"]
[EventDate "2014.10.09"]

1. e4 c5 2. Nf3 d6 3. Bb5+ Bd7 4. Bxd7+ Qxd7 5. O-O Nf6 6. e5 dxe5 7. Nxe5 Qc8
8. d4 e6 9. dxc5 Qxc5 10. Nd3 Qf5 11. Nd2 Nc6 12. b3 Rd8 13. Bb2 Nb4 14. Nc4
Nxc2 15. Qxc2 Qxd3 16. Qxd3 Rxd3 17. Rac1 Be7 18. Ne5 Rd2 19. Rc8+ Bd8 20. Nc4
Rd7 21. Ba3 b5 22. Ne5 Rd5 23. Nc6 Kd7 24. Nxa7 Re8 25. Rb8 Bc7 26. Rxb5 Rd2 27.
Rb7 Nd5 28. Nb5 Rb8 29. Rxb8 Bxb8 30. Bf8 Be5 31. a3 Rb2 32. b4 Ra2 33. Bc5 Kc6
34. Na7+ Kb7 35. Nb5 Ka6 36. Nd4 Nc3 37. Nf3 Bf6 38. g3 Kb5 39. Kg2 Rxa3 40.
Nd4+ Kc4 41. Nc2 Ra2 42. Ne3+ Kd3 43. Ng4 Bd4 44. Re1 Bxc5 45. bxc5 Kd4 46. Ne5
Ne4 47. Nc6+ Kxc5 48. Rxe4 Kxc6 49. Rd4 Ra5 50. h4 Rd5 51. Ra4 Kd7 52. Ra7+ Ke8
53. Rb7 Rd7 54. Rb6 Ke7 55. Ra6 Kf6 56. Ra5 Rd4 57. Ra6 g6 58. Rb6 h6 59. Ra6 g5
60. hxg5+ hxg5 61. Ra7 Kg6 62. Re7 Rc4 63. Kf3 g4+ 64. Ke3 Rc3+ 65. Ke2 Ra3 66.
Kf1 Ra2 67. Kg2 Ra1 68. Rb7 f6 69. Rb4 Kf5 70. Rb5+ e5 71. Rb6 Ra8 72. Rc6 Re8
73. Rb6 Re6 74. Rb4 Rd6 75. Ra4 Rb6 76. Rc4 Kg5 77. Rc5 Re6 78. Rb5 f5 79. Ra5
Kf6 80. Rb5 Rc6 81. Ra5 Ke6 82. Rb5 Kd6 83. Ra5 Rc2 84. Rb5 Ke6 85. Rb6+ Kd5 86.
Rf6 Ke4 87. Re6 Rc1 88. Re8 Rc4 89. Re7 Kd5 90. Rf7 Ke6 91. Rg7 Rc8 92. Ra7 Rc6
93. Ra5 Kf6 94. Rb5 Rd6 95. Ra5 f4 96. gxf4 exf4 97. Rb5 Ra6 98. Rc5 Ra2 99. Kg1
f3 100. Rb5 Re2 101. Ra5 Re5 102. Ra4 Kf5 103. Kh2 Re4 104. Ra8 Rd4 105. Kg3 1/2-1/2

[Event "Millionaire Chess Open 2014"]
[Site "Las Vegas USA"]
[Date "2014.10.13"]
[Round "9.12"]
[White "Ghaem Maghami, Ehsan"]
[Black "Drozdowski, Kacper"]
[Result "1/2-1/2"]
[WhiteTitle "GM"]
[BlackTitle "IM"]
[WhiteElo "2594"]
[BlackElo "2458"]
[WhiteFideId "12500739"]
[BlackFideId "1136720"]
[EventDate "2014.10.09"]

1. Nf3 d5 2. g3 Nf6 3. Bg2 c6 4. O-O Bg4 5. c4 Nbd7 6. cxd5 cxd5 7. d3 e6 8. Nc3
Be7 9. h3 Bxf3 10. Bxf3 O-O 11. Bf4 Rc8 12. Rc1 Qb6 13. Rc2 Bd6 14. Bxd6 Qxd6
15. Qd2 a6 16. Rfc1 Rc6 17. Nd1 Rfc8 18. Rxc6 Rxc6 19. Rxc6 Qxc6 20. Qc3 Qxc3
21. Nxc3 Kf8 22. d4 Ke7 23. Kf1 h6 24. e3 Kd6 25. Ke2 Kc7 26. Kd2 Ne8 27. e4
dxe4 28. Nxe4 b6 29. Bh5 g6 30. Be2 a5 31. Ke3 Nd6 32. Nc3 Nf6 33. h4 g5 34.
hxg5 hxg5 35. Bd3 Kd7 36. f4 gxf4+ 37. Kxf4 Nh5+ 38. Kf3 Nf6 39. g4 Nd5 40. g5
Nb4 41. Ke3 Ke7 42. a3 Nd5+ 43. Kf3 f6 44. gxf6+ Kxf6 1/2-1/2

[Event "Millionaire Chess Open 2014"]
[Site "Las Vegas USA"]
[Date "2014.10.13"]
[Round "9.13"]
[White "Lenderman, Aleksandr"]
[Black "Wan, Yunguo"]
[Result "1-0"]
[WhiteTitle "GM"]
[BlackTitle "IM"]
[WhiteElo "2589"]
[BlackElo "2489"]
[WhiteFideId "2021285"]
[BlackFideId "8603189"]
[EventDate "2014.10.09"]

1. d4 Nf6 2. c4 g6 3. Nc3 Bg7 4. e4 d6 5. Nf3 O-O 6. Be2 e5 7. O-O Nc6 8. d5 Ne7
9. Ne1 Nd7 10. Be3 f5 11. f3 f4 12. Bf2 g5 13. Nd3 Nf6 14. c5 Ng6 15. Kh1 Rf7
16. a4 h5 17. a5 g4 18. a6 bxa6 19. cxd6 cxd6 20. Nb4 g3 21. Nc6 Qf8 22. Be1
gxh2 23. Bxa6 Bxa6 24. Rxa6 h4 25. Kxh2 Nh5 26. Bf2 Ng3 27. Re1 Rb7 28. b4 h3
29. gxh3 Bf6 30. Rg1 Qh6 31. Bxg3 Rh7 32. Qf1 fxg3+ 33. Rxg3 Kh8 34. Ne2 Bg5 35.
Kh1 Be3 36. Rxg6 Qxg6 37. Nxe5 Qg5 38. Ng4 Rf8 39. Qg2 Bb6 40. f4 Qh4 41. Ra3
Rc8 42. Rg3 Rg7 43. Kh2 Rc2 44. Qf3 Rgc7 45. Rg2 Rg7 46. e5 Bd8 47. e6 Bf6 48.
Qe4 Rc8 49. Ng1 Be7 50. Nf3 Qh5 51. Qd4 Kg8 52. f5 Bd8 53. e7 Bxe7 54. f6 Rh7
55. Nh6+ 1-0

[Event "Millionaire Chess Open 2014"]
[Site "Las Vegas USA"]
[Date "2014.10.13"]
[Round "9.15"]
[White "Kulaots, Kaido"]
[Black "Bartholomew, John"]
[Result "1-0"]
[WhiteTitle "GM"]
[BlackTitle "IM"]
[WhiteElo "2564"]
[BlackElo "2446"]
[WhiteFideId "4500261"]
[BlackFideId "2019353"]
[EventDate "2014.10.09"]

1. e4 d5 2. exd5 Qxd5 3. Nc3 Qa5 4. g3 Nf6 5. Bg2 Bg4 6. Nf3 Nc6 7. h3 Bh5 8.
O-O e5 9. d3 Bb4 10. Bd2 O-O-O 11. g4 Bg6 12. Nh4 e4 13. Nxg6 hxg6 14. g5 Bxc3
15. bxc3 Nd7 16. d4 Qf5 17. f3 e3 18. Bxe3 Rde8 19. Re1 Rxh3 20. Bxh3 Qxh3 21.
Qe2 Rh8 22. Qg2 Qf5 23. Re2 Ne7 24. Rae1 Nd5 25. Bd2 b5 26. a4 bxa4 27. c4 Nf4
28. Bxf4 Qxf4 29. Re4 Qf5 30. c5 c6 31. Qg4 Qd5 32. Re5 Qc4 33. Re8+ Rxe8 34.
Rxe8+ Kc7 35. Re7 Qd5 36. c4 Qf5 37. Qxf5 gxf5 38. Kf2 f4 39. Rxf7 a3 40. Re7 a2
41. Re1 Nf8 42. Ra1 Ne6 43. Rxa2 Kb7 44. Re2 Nxd4 45. Re7+ Kc8 46. g6 Nf5 47.
Rxa7 Kd8 48. Rf7 1-0

[Event "Millionaire Chess Open 2014"]
[Site "Las Vegas USA"]
[Date "2014.10.13"]
[Round "9.16"]
[White "Chandra, Akshat"]
[Black "Margvelashvili, Giorgi"]
[Result "1/2-1/2"]
[WhiteTitle "IM"]
[BlackTitle "GM"]
[WhiteElo "2488"]
[BlackElo "2540"]
[WhiteFideId "25006711"]
[BlackFideId "13602926"]
[EventDate "2014.10.09"]

1. e4 c6 2. d4 d5 3. e5 Bf5 4. h4 h6 5. g4 Bd7 6. h5 c5 7. c3 Nc6 8. Na3 Rc8 9.
Nc2 cxd4 10. cxd4 e6 11. f4 Nb4 12. Nxb4 Bxb4+ 13. Bd2 Bxd2+ 14. Qxd2 Ne7 15.
Nf3 Qb6 16. Be2 Bb5 17. Bxb5+ Qxb5 18. Kf2 Kd7 19. Rhc1 Rhd8 20. b3 a5 21. Rab1
Qb4 22. Qd3 g6 23. hxg6 fxg6 24. a3 Qb6 25. b4 Rxc1 26. Rxc1 axb4 27. Rb1 Qa6
28. Qxa6 bxa6 29. Rxb4 Rc8 30. Rb7+ Rc7 1/2-1/2

[Event "Millionaire Chess Open 2014"]
[Site "Las Vegas USA"]
[Date "2014.10.13"]
[Round "9.17"]
[White "Abel, Dennes"]
[Black "Chirila, Ioan-Cristian"]
[Result "0-1"]
[BlackTitle "GM"]
[WhiteElo "2446"]
[BlackElo "2529"]
[WhiteFideId "24605417"]
[BlackFideId "1211668"]
[EventDate "2014.10.09"]

1. d4 Nf6 2. c4 g6 3. Nc3 d5 4. Nf3 Bg7 5. Bg5 Ne4 6. cxd5 Nxg5 7. Nxg5 e6 8.
Qd2 exd5 9. Qe3+ Kf8 10. Qf4 Bf6 11. h4 Kg7 12. e3 h6 13. Nf3 Be6 14. Bd3 c6 15.
Qg3 Nd7 16. Ne2 h5 17. Ng5 Qa5+ 18. Kf1 Bg4 19. Nf4 Nf8 20. Kg1 Re8 21. Kh2 Qd8
22. Nfh3 Bxh3 23. gxh3 Bxg5 24. hxg5 h4 25. Qg4 Qd6+ 26. Kg2 Ne6 27. Rhe1 Rh5
28. f4 c5 29. dxc5 Nxc5 30. Rad1 d4 31. Bc4 d3 32. Qf3 d2 33. Rg1 Ne4 34. a3 Re7
35. Qe2 Rxg5+ 36. Kh2 Rg3 37. Bd3 Nc5 38. Qxd2 Rexe3 39. Bf1 Qxf4 40. Rxg3 Qxg3+
41. Kh1 Ne4 0-1

[Event "Millionaire Chess Open 2014"]
[Site "Las Vegas USA"]
[Date "2014.10.13"]
[Round "9.19"]
[White "Pakleza, Zbigniew"]
[Black "De Guzman, Ricardo"]
[Result "1/2-1/2"]
[WhiteTitle "IM"]
[BlackTitle "IM"]
[WhiteElo "2509"]
[BlackElo "2379"]
[WhiteFideId "1119290"]
[BlackFideId "5200121"]
[EventDate "2014.10.09"]

1. d4 Nf6 2. Nf3 e6 3. Bf4 b6 4. e3 Bb7 5. h3 c5 6. c3 Be7 7. Nbd2 O-O 8. Bd3
cxd4 9. cxd4 Nc6 10. a3 a6 11. O-O b5 12. e4 d6 13. Qe2 Qb6 14. Be3 Qd8 15. Rfd1
Re8 16. Rac1 g6 17. Bb1 Rc8 18. e5 Nd5 19. Ne4 f5 20. Nxd6 Bxd6 21. exd6 Qxd6
22. Bh6 Nd8 23. Rxc8 Bxc8 24. Qe5 Qxe5 25. Nxe5 Nf7 26. Nxf7 Kxf7 27. Ba2 Bb7
28. Bxd5 Bxd5 29. Rc1 Bb7 30. Bg5 Rc8 31. Rxc8 1/2-1/2

[Event "Millionaire Chess Open 2014"]
[Site "Las Vegas USA"]
[Date "2014.10.13"]
[Round "9.20"]
[White "Xiong, Jeffery"]
[Black "Pinto Henriquez, Rodrigo"]
[Result "1-0"]
[WhiteTitle "IM"]
[WhiteElo "2470"]
[BlackElo "2115"]
[WhiteFideId "2047640"]
[BlackFideId "2207931"]
[EventDate "2014.10.09"]

1. e4 e5 2. Nf3 Nc6 3. Bb5 Nf6 4. O-O Nxe4 5. d4 Nd6 6. Bxc6 dxc6 7. dxe5 Ne4 8.
Qe2 Bf5 9. Be3 Bc5 10. Bxc5 Nxc5 11. Nc3 O-O 12. Rad1 Qe7 13. Nd4 Bg6 14. f4 Ne6
15. f5 Nxd4 16. Rxd4 Qc5 17. Qc4 Qxe5 18. fxg6 Qe3+ 19. Kh1 hxg6 20. Rd7 1-0

[Event "Millionaire Chess Open 2014"]
[Site "Las Vegas USA"]
[Date "2014.10.13"]
[Round "9.21"]
[White "Viswanadha, Kesav"]
[Black "Barcenilla, Rogelio"]
[Result "1/2-1/2"]
[WhiteTitle "FM"]
[BlackTitle "GM"]
[WhiteElo "2424"]
[BlackElo "2462"]
[WhiteFideId "2059533"]
[BlackFideId "5200059"]
[EventDate "2014.10.09"]

1. d4 Nf6 2. c4 g6 3. g3 Bg7 4. Bg2 d6 5. Nc3 O-O 6. Nf3 Nbd7 7. O-O e5 8. e4
exd4 9. Nxd4 a5 10. h3 Re8 11. Re1 Nc5 12. Kh2 a4 13. Rb1 c6 14. b4 axb3 15.
axb3 Qb6 16. Be3 Qb4 17. Bd2 Qb6 18. Be3 Qb4 19. Qd2 Ne6 20. Red1 Nxd4 21. Bxd4
Re6 22. f4 Ne8 23. Bxg7 Kxg7 24. Qb2 Qa3 25. Qc2 Kg8 26. b4 Re7 27. Rb2 Qa7 28.
Ra2 Qb8 29. Rxa8 Qxa8 30. Qa4 Qxa4 31. Nxa4 Be6 32. Nb6 f5 33. exf5 gxf5 34. Re1
Kf7 35. Bf3 Kf6 36. g4 h6 37. Kg3 Rg7 38. Kh4 Nc7 39. Rd1 Ke7 40. Ra1 Kf6 41.
Re1 Rh7 42. Rd1 Ne8 43. Ra1 Nc7 44. Ra7 d5 45. Rxb7 dxc4 46. gxf5 c3 47. Ra7 c2
48. Ra1 Bxf5 49. Bxc6 Re7 50. Nc4 Ne6 51. Ne3 Nxf4 52. Nxf5 Kxf5 53. Rc1 1/2-1/2

[Event "Millionaire Chess Open 2014"]
[Site "Las Vegas USA"]
[Date "2014.10.13"]
[Round "9.22"]
[White "Schneider, Igor"]
[Black "Kjartansson, Gudmundur"]
[Result "0-1"]
[WhiteTitle "FM"]
[BlackTitle "IM"]
[WhiteElo "2338"]
[BlackElo "2439"]
[WhiteFideId "2019043"]
[BlackFideId "2301318"]
[EventDate "2014.10.09"]

1. e4 d6 2. d4 Nf6 3. Nc3 g6 4. f4 Bg7 5. Nf3 O-O 6. Bd3 Nc6 7. d5 Nb4 8. Be2 c6
9. dxc6 Nxc6 10. O-O a6 11. Kh1 b5 12. a3 Bb7 13. Bd3 e5 14. Qe1 Re8 15. Qf2 Nd4
16. fxe5 dxe5 17. Bg5 h6 18. Bh4 g5 19. Bg3 Ng4 20. Qd2 f5 21. exf5 e4 22. Bxe4
Bxe4 23. f6 Bxf6 24. Nxe4 Rxe4 25. Qd3 Re7 26. Nxd4 Qxd4 27. Qf5 Qe4 28. h3 Qxf5
29. Rxf5 Be5 30. Re1 Rae8 0-1

[Event "Millionaire Chess Open 2014"]
[Site "Las Vegas USA"]
[Date "2014.10.13"]
[Round "9.23"]
[White "Holt, Conrad"]
[Black "Li, Ruifeng"]
[Result "1-0"]
[WhiteTitle "GM"]
[BlackTitle "FM"]
[WhiteElo "2571"]
[BlackElo "2365"]
[WhiteFideId "2034387"]
[BlackFideId "2061074"]
[EventDate "2014.10.09"]

1. d4 Nf6 2. c4 e6 3. Nf3 b6 4. g3 Bb4+ 5. Bd2 Bxd2+ 6. Qxd2 O-O 7. Bg2 Bb7 8.
O-O d6 9. Qf4 Nbd7 10. Nc3 Qe7 11. e4 e5 12. Qe3 Rfe8 13. Rfe1 a6 14. Rad1 Rad8
15. a3 c6 16. d5 cxd5 17. cxd5 Rc8 18. Bh3 Rc7 19. Nd2 Nc5 20. b4 Ncd7 21. Na4
b5 22. Nc3 Bc8 23. Rc1 Nb8 24. Bf1 Ng4 25. Qf3 Qg5 26. Ncb1 Ree7 27. Rc3 Qh6 28.
h3 Nf6 29. Qe3 Qxe3 30. Rexe3 Ne8 31. Rxc7 Rxc7 32. Nc3 Bd7 33. f4 f6 34. f5 Kf7
35. Kf2 Rc8 36. g4 Nc7 37. Ke2 Na8 38. Kd3 Nb6 39. Kc2 Na4 40. Nb1 g5 41. h4 h6
42. Kb3 Nb6 43. Nd2 Be8 44. Bd3 Rc7 45. Re2 Kg7 46. Nf1 Kg8 47. Ne3 Rg7 48. Rc2
Rc7 49. Ned1 Kf8 50. Rh2 Kg8 51. Nb2 Bf7 52. a4 Nc6 53. Ka3 Nd4 54. Na2 Be8 55.
hxg5 hxg5 56. a5 Nc8 57. Rh1 Kg7 58. Nd1 Ne7 59. Kb2 Ng8 60. Nf2 Nh6 61. Nc3 Nf7
62. Ncd1 Bd7 63. Ne3 Bc8 64. Nf1 Nh6 65. Ng3 Ng8 66. Nh5+ Kf8 67. Nd1 Bd7 68.
Ne3 Be8 69. Ng3 Kg7 70. Be2 Bf7 1-0

[Event "Millionaire Chess Open 2014"]
[Site "Las Vegas USA"]
[Date "2014.10.13"]
[Round "9.24"]
[White "Ashwin, Jayaram"]
[Black "Inants, Aghasi"]
[Result "0-1"]
[WhiteTitle "IM"]
[BlackTitle "FM"]
[WhiteElo "2468"]
[BlackElo "2305"]
[WhiteFideId "5018137"]
[BlackFideId "13303295"]
[EventDate "2014.10.09"]

1. d4 Nf6 2. c4 e6 3. Nc3 c5 4. d5 exd5 5. cxd5 Bd6 6. g3 O-O 7. Bg2 Bc7 8. d6
Ba5 9. Nh3 Nc6 10. O-O h6 11. f4 Re8 12. Nf2 b5 13. Nxb5 Ba6 14. a4 Nd4 15. e3
Nc6 16. e4 Rb8 17. Bd2 Nd4 18. Bc3 Bxc3 19. bxc3 Nxb5 20. axb5 Bxb5 21. Re1 Qb6
22. e5 Nh7 23. Bd5 Bc6 24. Bxc6 dxc6 25. Qd3 a5 26. f5 Nf8 27. Rab1 Rxe5 28. d7
Rxe1+ 29. Rxe1 Rd8 30. Re7 Qb7 31. Re8 Rxd7 32. Qe4 Qc7 33. f6 Rd8 34. Qg4 g6
35. Re1 Nh7 36. Qh4 Qd6 37. Ng4 h5 38. Nh6+ Kf8 39. Qc4 Rd7 40. Qa6 Nxf6 41. Qe2
Re7 42. Qf2 Rxe1+ 43. Qxe1 Kg7 44. Qe3 Qe6 45. Qg5 Qe1+ 46. Kg2 Qe2+ 47. Kh3
Qe6+ 48. Kh4 0-1

[Event "Millionaire Chess Open 2014"]
[Site "Las Vegas USA"]
[Date "2014.10.13"]
[Round "9.25"]
[White "Flaquer, Luis"]
[Black "Krush, Irina"]
[Result "0-1"]
[WhiteTitle "FM"]
[BlackTitle "GM"]
[WhiteElo "2257"]
[BlackElo "2457"]
[WhiteFideId "6400485"]
[BlackFideId "2012782"]
[EventDate "2014.10.09"]

1. c4 e6 2. Nf3 Nf6 3. g3 d5 4. b3 d4 5. Bb2 Nc6 6. Bg2 Be7 7. O-O O-O 8. e3 e5
9. exd4 exd4 10. Re1 Bg4 11. d3 Qd7 12. Na3 Bb4 13. Rf1 Rfe8 14. Nc2 Bc5 15. Qd2
a5 16. a3 Qd6 17. Rae1 h6 18. Nh4 Rxe1 19. Rxe1 Rb8 20. Bxc6 bxc6 21. b4 axb4
22. axb4 Rxb4 23. Bxd4 Rb3 24. Qe3 Bxd4 25. Nxd4 Rc3 26. Rb1 Qa3 27. Nhf5 Rxd3
28. Nxh6+ Kh7 29. Qf4 Rxd4 30. Qxd4 Kxh6 31. h3 Bf5 32. Qf4+ Kg6 33. Re1 Bxh3
34. Kh2 Be6 35. Kg1 Qd6 36. Qh4 c5 37. f3 Qd2 38. g4 Bxc4 39. Qg3 Be6 40. Re5 c4
41. Rc5 Bd5 42. Rxc7 c3 43. Qf2 Qd1+ 44. Kg2 Nxg4 45. Qg3 Qe2+ 46. Kh3 Bxf3 47.
Rxc3 Qf1+ 48. Kh4 Qh1+ 49. Qh3 Qe1+ 50. Qg3 Qxc3 51. Qxf3 Qf6+ 0-1

[Event "Millionaire Chess Open 2014"]
[Site "Las Vegas USA"]
[Date "2014.10.13"]
[Round "9.26"]
[White "Aldama Degurnay, Dionisio"]
[Black "Rojas Sepulveda, Eduardo"]
[Result "1-0"]
[WhiteTitle "IM"]
[BlackTitle "FM"]
[WhiteElo "2408"]
[BlackElo "2311"]
[WhiteFideId "3500268"]
[BlackFideId "3400166"]
[EventDate "2014.10.09"]

1. e4 c5 2. Nf3 e6 3. d4 cxd4 4. Nxd4 Nc6 5. Nc3 Qc7 6. Be2 Nf6 7. O-O a6 8. Be3
Be7 9. f4 d6 10. Qe1 O-O 11. Rd1 Bd7 12. Qg3 Nxd4 13. Bxd4 Bc6 14. a4 Rad8 15.
Kh1 Rb8 16. b4 b5 17. axb5 axb5 18. Ra1 Rfe8 19. Nxb5 Qb7 20. Nxd6 Qxb4 21. Rad1
g6 22. c3 Qxd6 23. Bxf6 Qa3 24. Bxe7 Qxe7 25. Qe3 Ra8 26. Ra1 Rxa1 27. Rxa1 Qb7
28. Bf3 Qb2 29. Rc1 Rd8 30. h3 Rd2 31. Qe1 h5 32. Rb1 Qa2 33. Rb6 Rb2 34. Rxc6 1-0

[Event "Millionaire Chess Open 2014"]
[Site "Las Vegas USA"]
[Date "2014.10.13"]
[Round "9.29"]
[White "Martin Del Campo C., Roberto"]
[Black "Busygin, Stanislav"]
[Result "1/2-1/2"]
[WhiteTitle "IM"]
[WhiteElo "2350"]
[BlackElo "2192"]
[WhiteFideId "5100046"]
[BlackFideId "2007029"]
[EventDate "2014.10.09"]

1. e4 e5 2. Nf3 Nc6 3. Bb5 a6 4. Ba4 Nf6 5. O-O Be7 6. d4 exd4 7. e5 Ne4 8. Nxd4
Nxd4 9. Qxd4 Nc5 10. Nc3 Nxa4 11. Nxa4 O-O 12. Bf4 a5 13. Nc3 Ra6 14. Rad1 Rc6
15. a3 f6 16. Rfe1 fxe5 17. Bxe5 Rf7 18. Qd5 Qf8 19. Ne4 Kh8 20. Re2 Bc5 21.
Nxc5 Rxc5 22. Qxc5 Qxc5 23. Bd6 Rxf2 24. Rxf2 cxd6 25. Rd3 h6 26. Rc3 Qe5 27.
Rxc8+ Kh7 28. Rc3 b5 29. h3 b4 30. axb4 axb4 31. Rb3 Qd4 32. g3 h5 33. h4 g5 34.
hxg5 Kg6 35. Rd3 Qxb2 36. Rxd6+ Kxg5 37. Rd5+ Kg6 38. Rxd7 b3 39. cxb3 Qxb3 40.
Kh2 Qe3 41. Rd6+ Kg7 42. Rb2 Qe7 43. Rdb6 Qe3 44. Kh3 Qe4 45. Rb7+ Kg6 46. Kh2
Qe3 47. R7b6+ Kg7 48. Ra6 Qe7 49. Rba2 Qe3 50. R2a4 Qf2+ 51. Kh3 Qf1+ 52. Kh4
Qh1+ 53. Kg5 Qd5+ 54. Kf4 Qd2+ 55. Kf3 Qd1+ 56. Kf4 Qd2+ 57. Kf3 Qd1+ 58. Kg2
Qe2+ 1/2-1/2

[Event "Millionaire Chess Open 2014"]
[Site "Las Vegas USA"]
[Date "2014.10.13"]
[Round "9.30"]
[White "Chandran, Kapil"]
[Black "Zuluaga, Cesar"]
[Result "1/2-1/2"]
[BlackTitle "IM"]
[WhiteElo "2198"]
[BlackElo "2344"]
[WhiteFideId "2034077"]
[BlackFideId "4401492"]
[EventDate "2014.10.09"]

1. e4 c5 2. Nf3 e6 3. d4 cxd4 4. Nxd4 a6 5. Nc3 Qc7 6. g3 Nf6 7. Bg2 Nc6 8. O-O
d6 9. Re1 Bd7 10. Nxc6 bxc6 11. Na4 e5 12. c4 Be6 13. c5 dxc5 14. Qc2 c4 15. Be3
Bb4 16. Rec1 Nd7 17. Bf1 c3 18. Nxc3 Qb7 19. Na4 Rc8 20. Nc5 Bxc5 21. Bxc5 f6
22. Qa4 Nxc5 23. Rxc5 Qxb2 24. Rxc6 Kf7 25. Rd1 Qxa2 26. Qxa2 Bxa2 27. Rxa6 Be6
28. Rdd6 Bg4 29. h3 Bf3 30. Ra7+ Kg6 31. Bg2 Rc1+ 32. Kh2 Bxg2 33. Kxg2 Rc4 34.
Rdd7 Rg8 35. Kf3 Rc3+ 36. Ke2 Rb3 37. h4 h5 38. Rdc7 1/2-1/2

[Event "Millionaire Chess Open 2014"]
[Site "Las Vegas USA"]
[Date "2014.10.13"]
[Round "9.32"]
[White "Harris, Ian"]
[Black "Pourkashiyan, Atousa"]
[Result "0-1"]
[BlackTitle "WGM"]
[WhiteElo "2122"]
[BlackElo "2332"]
[WhiteFideId "2020092"]
[BlackFideId "12502014"]
[EventDate "2014.10.09"]

1. d4 Nf6 2. Nf3 e6 3. Bf4 b6 4. e3 Bb7 5. h3 Be7 6. Be2 Ne4 7. Nbd2 f5 8. Nxe4
fxe4 9. Ne5 O-O 10. Bg4 Kh8 11. Bh5 Kg8 12. h4 d6 13. Ng6 hxg6 14. Bxg6 Rf6 15.
Qh5 Rxg6 16. Qxg6 Bf6 17. h5 Nd7 18. h6 Qe8 19. Qg4 g6 20. h7+ Kh8 21. Rh6 Nf8
22. O-O-O Qf7 23. Kb1 Bg7 24. Rh2 a5 25. Qh4 a4 26. f3 a3 27. b3 exf3 28. gxf3
e5 29. dxe5 dxe5 30. Bg3 Bxf3 31. Rf2 e4 32. Rd8 Rxd8 33. Qxd8 c6 34. Rd2 Kxh7
35. Qxb6 Qf6 36. Qd4 Qg5 37. Rh2+ Bh5 38. Qxe4 Ne6 39. Be1 Nc5 40. Qf4 Qd5 41.
Rd2 Qh1 42. Qh4 Qxh4 43. Bxh4 Ne4 44. Rd7 Nc3+ 45. Ka1 Bg4 46. Rf7 Kg8 47. Rb7
Bf5 48. Rxg7+ Kxg7 49. Be7 Nd1 50. Bxa3 Bxc2 51. Be7 Kf7 52. Bg5 Ke6 53. b4 Kf5
54. Bd8 g5 55. a3 g4 56. Bc7 Ke4 57. Bf4 Kf3 58. Ka2 g3 59. Be5 g2 60. Bh2 Kxe3 0-1